Statistics for Smashing Pumpkins Albums

Click here to take the quiz!

General Stats

  • This quiz has been taken 30 times
    (5 since last reset)
  • The average score is 9 of 12

Answer Stats

YearAlbum Name% Correct
1998Adore
100%
1991Gish
100%
2000Machina/The Machines of God
100%
1995Mellon Collie and the Infinite Sadness
100%
1993Siamese Dream
100%
2023Atum
75%
2020Cyr
75%
2012Oceania
75%
2000Machina II/The Friends and Enemies of Modern Music
50%
2014Monuments to an Elegy
50%
2018Shiny and Oh So Bright, Vol 1/LP: No Past. No Future. No Sun
50%
2007Zeitgeist
50%

Score Distribution

Percentile by Number Answered

Percent of People with Each Score

Your Score History

You have not taken this quiz since the last reset